000 00845cab a2200265 4500
001 WB3026-18
008 090401t1994 xxu||||| |||| 00| 0 eng d
035 _a(Sirsi) u78976
041 _aeng
245 _aPylon surveyors and right of access
260 _c1994
350 _a0
490 _aFarming News
_v1 July 1994, 2(1)
520 _aLandowners are challenging the right of National Grid Company surveyors to enter their land to study sites for proposed pylons before the SoS for Energy has approved the pylon route. Cleveland to York route.
650 _aCLEVELAND
650 _aELECTRICITY ACT 1989
650 _aNATIONAL GRID COMPANY
650 _aPYLONS
650 _aRIGHT OF ACCESS
650 _aSURVEYORS
650 _aYORK
690 _aHIGHWAYS RIGHTS OF WAY AND EASEMENTS
942 _n0
948 _c04/03/1997
999 _c49630
_d49630